[Event "ARG-ch U2000"]
[Site "Tacuari"]
[Date "2018.11.18"]
[Round "6"]
[White "Hernandez, Luis Crisanto"]
[Black "Fernandez, Gaston David"]
[Result "0-1"]
[WhiteElo "1945"]
[BlackElo "1890"]
[PlyCount "68"]
[EventDate "2018.11.16"]
[EventType "swiss"]
[EventRounds "8"]
[EventCountry "ARG"]
[SourceTitle "EXT 2020"]
[Source "ChessBase"]
[SourceDate "2019.10.17"]
[SourceVersion "1"]
[SourceVersionDate "2019.10.17"]
[SourceQuality "1"]

1. e4 c6 2. Nc3 d5 3. Nf3 Bg4 4. h3 Bxf3 5. Qxf3 e6 6. d3 d4 7. Nb1 Qa5+ 8. Bd2 Qa4 9. b3 Qb5 10. a4 Qb6 11. Na3 Bb4 12. Qd1 Na6 13. Be2 Qc7 14. 0-0 Ne7 15. f4 0-0 16. Bxb4 Nxb4 17. Qd2 c5 18. Nc4 a6 19. c3 Nbc6 20. a5 dxc3 21. Qxc3 Nd4 22. Bd1 Nb5 23. Qc1 Nc6 24. Nb6 Rad8 25. Qxc5 Rxd3 26. Rc1 Rfd8 27. Nc4 Nc3 28. Ne5 Nxe4 29. Qc2 Rc3 30. Qb2 Nxe5 31. Bf3 Nxf3+ 32. gxf3 Qc5+ 33. Kh1 Rd2 34. Rxc3 Ng3# 0-1

[Event "Santa Fe Nelson op"]
[Site "Santa Fe"]
[Date "2018.04.15"]
[Round "6"]
[White "Fernandez, Gaston David"]
[Black "Antoniazzi, Maximiliano"]
[Result "0-1"]
[WhiteElo "1772"]
[BlackElo "1924"]
[PlyCount "84"]
[EventDate "2018.04.14"]
[EventType "swiss"]
[EventRounds "6"]
[EventCountry "ARG"]
[SourceTitle "EXT 2019"]
[Source "ChessBase"]
[SourceDate "2018.10.10"]
[SourceVersion "1"]
[SourceVersionDate "2018.10.10"]
[SourceQuality "1"]

1. e4 e5 2. f4 exf4 3. Nf3 g5 4. h4 g4 5. Ne5 Qe7 6. Nxg4 Qxe4+ 7. Qe2 d5 8. Nf2 Qxe2+ 9. Bxe2 Nc6 10. d3 Nd4 11. Bd1 Bd6 12. c3 Nf5 13. 0-0 Nxh4 14. Nh3 Bxh3 15. gxh3 Nf6 16. Bxf4 Rg8+ 17. Kh1 0-0-0 18. Bxd6 Rxd6 19. Na3 Rg3 20. Kh2 Rg2+ 21. Kh1 Re6 22. Nc2 Rg3 23. Kh2 Rxd3 24. Rf4 Rd2+ 25. Kg1 Ng6 26. Rd4 Rxd4 27. Nxd4 Re3 28. Bg4+ Nxg4 29. hxg4 Rg3+ 30. Kh2 Rxg4 31. Rf1 Rf4 32. Re1 Kd7 33. Kg3 c5 34. Nf3 Re4 35. Rd1 Kc6 36. Ng5 Re2 37. Rb1 d4 38. cxd4 cxd4 39. Nxf7 Kd5 40. a3 d3 41. Ng5 d2 42. Rd1 Kd4 0-1

[Event "Santa Fe U2000 op 2nd"]
[Site "Santa Fe"]
[Date "2018.03.25"]
[Round "5.6"]
[White "Decoppet, Nestor"]
[Black "Fernandez, Gaston David"]
[Result "0-1"]
[WhiteElo "1837"]
[BlackElo "1707"]
[PlyCount "90"]
[EventDate "2018.03.23"]
[EventType "swiss"]
[EventRounds "6"]
[EventCountry "ARG"]
[SourceTitle "EXT 2024"]
[Source "ChessBase"]
[SourceDate "2023.10.10"]
[SourceVersion "1"]
[SourceVersionDate "2023.10.10"]
[SourceQuality "1"]

1. e4 c6 2. c4 d5 3. cxd5 cxd5 4. exd5 Qxd5 5. Nc3 Qa5 6. d4 Nf6 7. Bc4 Ne4 8. Qf3 Nd6 9. Bb3 Nc6 10. Nge2 g6 11. 0-0 Bg7 12. Ne4 0-0 13. Nxd6 exd6 14. Rd1 Be6 15. Bf4 Bxb3 16. Qxb3 Qa6 17. Qd3 Qxd3 18. Rxd3 Rfe8 19. Kf1 Rad8 20. a4 h6 21. Bd2 Re4 22. Bc3 Rde8 23. Ng3 R4e7 24. h3 h5 25. Rd2 a5 26. d5 Ne5 27. Rdd1 h4 28. Ne4 Nc4 29. Nf6+ Bxf6 30. Bxf6 Re2 31. Rd4 Nd2+ 32. Kg1 Re1+ 33. Kh2 Nf1+ 34. Kg1 Rxa1 35. Rxh4 Ng3+ 36. Kh2 Nh5 37. Bc3 f5 38. g4 Rxa4 39. b3 Rf4 40. Kg1 Re2 41. Bxa5 fxg4 42. hxg4 Nf6 43. Rh3 Rxg4+ 44. Kf1 Rc2 45. Bc3 Rf4 0-1